Click the Original - Animated Movies #1 - Statistics

General Stats
  • This quiz has been taken 102 times
    101 since last reset
  • The average score is 8 of 12
Answer Stats
Question Answer % Correct
Toy Story
89%
Despicable Me
84%
Madagascar
81%
Shrek
78%
Aladdin
74%
The Lego Movie
67%
Ice Age
62%
Cars
60%
The Lion King
59%
Kung Fu Panda
59%
Hotel Transylvania
47%
How to Train Your Dragon
44%
No matching quizzes found
Score Distribution
Percent of People with Each Score
Percentile by Number Answered
Your Score History
You have not taken this quiz since the last reset